000 00753nas a2200241 4500
001 BR7406731
003 BR-BrBNA
005 20231205082750.0
007 ta
008 230509b bl.|||p| |||| 00| 00por d
040 _aBR-BrBNA
_bpor
_cBiblioteca Nacional de Agricultura
041 _a(Pt)
072 _aF50
100 1 _aLeal, N.M.
245 1 _aCaracteristicas anatomicas de Ipomoea fistulosa Mart [planta toxica, anatomia vegetal, Bahia, Brasil]
650 _aMATA CABRA
650 _aPLANTA TOXICA
650 _aANATOMIA VEGETAL
650 _aBAHIA
773 0 _tBoletim do Instituto Biologico da Bahia (Brazil)
_xISSN 0020-3661
_g(1974), v. 13(1) p. 107-126
_wBR7406731
909 _a202311
_bLúcia
_c55
_dLúcia Elande
942 _2AGRIS
_n0
_cANA
999 _c94088
_d94088